Monitor hospodárskej politiky [vedecko popularizačný časopis]

Uložené v:
Podrobná bibliografia
Médium: Seriál
Jazyk:Slovak
Vydavateľské údaje: Bratislava Ekonomická univerzita v Bratislave 2021
Tagy: Pridať tag
Žiadne tagy, Buďte prvý, kto otaguje tento záznam!

MARC

LEADER 00000nas2a2200000 4500
001 0280513
005 20220103102514.8
022 |a 2453-9287 
041 0 |a slo 
044 |a SK 
245 1 0 |a Monitor hospodárskej politiky  |b [vedecko popularizačný časopis] 
264 1 |a Bratislava  |b Ekonomická univerzita v Bratislave  |c 2021 
773 0 |w eu_un_cat*0223562